Meditationes, soliloquia et manuale meditationes B. Anselmi cum tractatus de humani generis redemptione, ...

Detalles Bibliográficos
Autor principal: Agustín ( San )
Formato: Libro
Publicado: Venecia 1718
Materias:
Colección:Banco de datos
Acervo:Biblioteca del Ex Convento de Nuestra Señora de Guadalupe. Zacatecas
Tema general:Ascética
Notas:Regular. XXVI,2,43 (7558). No identificada 1
LEADER 00742nam a22001930004500
035 |a 44612 
036 |a 5796 
100 1 |a Agustín ( San ) 
245 1 0 |a Meditationes, soliloquia et manuale meditationes B. Anselmi cum tractatus de humani generis redemptione, ... 
260 |a Venecia  |b imp. Nicolás Pezzana  |c 1718 
500 |a Regular. XXVI,2,43 (7558). No identificada 1 
650 1 0 |a Ascética 
949 |a CRZ-CG 
959 |a Ex convento de Nuestra Señora de Guadalupe, Museo Regional de Zacatecas, Zacatecas  |b CCC4 
960 |a Convento de Nuestra Señora de Guadalupe, Zacatecas  |b DD87 
961 |a Franciscana  |b OF 
942 |c CRZ-CG 
943 |g Biblioteca del Ex Convento de Nuestra Señora de Guadalupe. Zacatecas 
999 |c 968739  |d 968739